| 000 | 00852nam a2200241Ia 4500 | ||
|---|---|---|---|
| 005 | 20241217113129.0 | ||
| 008 | 210716s2008 xx 000 0 und d | ||
| 020 | _a9788126515622 | ||
| 040 | _cAIMIT LIBRARY | ||
| 041 | _aeng | ||
| 082 |
_a005.74 _23 _bWATR |
||
| 100 |
_aWatson, Richard T. _947554 |
||
| 245 |
_aData management : _bdatabases and organizations / _cBy Richard T. Watson. |
||
| 250 | _a3rd ed. | ||
| 260 |
_aNew Delhi : _bWiley India Pvt Ltd , _c2008 . |
||
| 300 |
_axvi, 595p. ; _bPB _c24 cm. |
||
| 650 |
_aDatabase architectures and implementations _947555 |
||
| 650 |
_aData modeling and sql _947556 |
||
| 650 |
_aNormalization and other data modeling methods _9191343 |
||
| 650 |
_aDatabase architectures and implementations _947557 |
||
| 650 |
_aObject oriented data management _9191344 |
||
| 942 |
_2ddc _cBK _e3rd _k005.74 WATR |
||
| 999 |
_c189340 _d189340 |
||